000 00515nam a2200181Ia 4500
005 20250326125633.0
008 250326s9999 xx 000 0 und d
037 _aTextbook
040 _aFMSL
_beng
_cFMSL
041 _aeng
_2eng
084 _aX8(A):8.42 L1
_qFMSL
100 _aAPO
_9739408
245 0 _aMAnaging the Japanese factory
_cAPO
260 _aHong Kong
_bHong Kong, Asian Productivity Organization
_c1971
300 _a79p
942 _cTB
_hX8(A):8.42 L1
999 _c1278904
_d1278904